Statistics for Country Quiz on a Map - Russia

Click here to take the quiz!

General Stats

  • This quiz has been taken 4,345 times
  • The average score is 38 of 59

Answers on the Map

Answers color-coded by a green-red scale on the quiz's map according to % correct below.
 

Answer Stats

Answers% Correct
12,455,682Moscow
99%
China
97%
Finland
97%
5,384,342Saint Petersburg
97%
Ukraine
97%
Belarus
96%
Estonia
96%
Kazakhstan
96%
Latvia
96%
Mongolia
96%
Georgia
95%
Lithuania
95%
Azerbaijan
92%
Region with a disputed status (claimed by Ukraine and Russia)Crimea
90%
Norway
90%
North Korea
89%
Arctic Ocean
86%
Yalta: this Soviet leader attended the 1945 famous conferenceJoseph Stalin
86%
Poland
85%
Sea of Japan
85%
Ural Mountains
83%
Black Sea
81%
Resort city which hosted the 2014 Winter OlympicsSochi
79%
Largest city of the Russian exclave in EuropeKaliningrad
78%
Official residence of the President of the Russian FederationMoscow Kremlin
78%
Caspian Sea
76%
Home to the headquarters of the Pacific Fleet of the Russian NavyVladivostok
76%
Volga
76%
Baltic Sea
75%
Lake that contains 22 to 23% of the world's fresh surface waterLake Baikal
72%
Bering Sea
71%
1942-1943: WII battle that destroyed the German 6th ArmyBattle of Stalingrad
66%
Large peninsula in the Russian Far EastKamchatka
64%
Samara: the city was founded under the reign of this man, the first tsar of all Rus'Ivan the Terrible
56%
Caucasus Mountains
55%
1,495,066Yekaterinburg
54%
Largest island of the Russian FederationSakhalin
53%
1,623,162Novosibirsk
50%
Moscow: this Tchaikovsky's ballet was premiered by the Bolshoi BalletSwan Lake
50%
Mount Elbrus
47%
(near) Tobolsk: this Russian chemist, best known for the Periodic Laws, was born thereDmitri Mendeleev
46%
1,257,341Kazan
45%
Ob
44%
Don
42%
Religious edifice that symbolizes Russian architectureSaint Basil's Cathedral
42%
Coldest (large) city in the worldYakutsk
41%
Lena
40%
Capital city of ChechnyaGrozny
39%
Second largest art museum in the worldHermitage Museum
39%
Amur
37%
Omsk : Dostoevsky wrote this novel 12 years after his exile thereCrime and Punishment
36%
Sea of Okhotsk
36%
Yenisei
31%
Altai Mountains
22%
1242: battle on a frozen lake between the Catholic forces and the Orthodox Novgorod RepublicBattle on the Ice
12%
'The Zone': the events of this Andrei Tarkovsky's movie take place in this mysterious locationStalker
11%
1380: victory of the Russians over the Golden HordeBattle of Kulikovo
7%
Mount Belukha
6%
Karst cave located in the UralsKungur Ice Cave
5%

Score Distribution

Percentile by Number Answered

Percent of People with Each Score

Your Score History

You have not taken this quiz